000 00551nam a22001937a 4500
003 OSt
005 20260312011737.0
008 260312b |||||||| |||| 00| 0 eng d
020 _a0-495-05012-1.
040 _aDWCL Main lib
_cOC
082 _25th ed.
_aGR 909 D875w 2007
100 _aDuiker, William J.
245 _aWorld history
_cWilliam J. Duiker
250 _a5th ed.
260 _aAustralia :
_bThomson/Wadsworth,
_cc2007.
300 _axxxi, 960 p. :
_bcol. ill.
_c28 cm.
650 _a1. World history
942 _2ddc
_cGR
_e5th ed.
_kGR.
_n0
999 _c8983
_d8983